World Customs Data Model Handbook - Version 2.0 : (Record no. 3642)

000 -LEADER
fixed length control field nam a22 a 4500
005 - DATE AND TIME OF LATEST TRANSACTION
control field 20170529121727.0
008 - FIXED-LENGTH DATA ELEMENTS--GENERAL INFORMATION
fixed length control field 170523s2006 be ||||| |||| 00| 0 eng d
020 10 - INTERNATIONAL STANDARD BOOK NUMBER
International Standard Book Number 9782874920363
040 ## - CATALOGING SOURCE
Original cataloging agency AKMAL
082 ## - DEWEY DECIMAL CLASSIFICATION NUMBER
Classification number 005.754 WCO
090 ## - LOCALLY ASSIGNED LC-TYPE CALL NUMBER (OCLC); LOCAL CALL NUMBER (RLIN)
Classification number (OCLC) (R) ; Classification number, CALL (RLIN) (NR) 005.754
Local cutter number (OCLC) ; Book number/undivided call number, CALL (RLIN) WCO
245 10 - TITLE STATEMENT
Title World Customs Data Model Handbook - Version 2.0 :
250 ## - EDITION STATEMENT
Edition statement 1st Edition.
260 ## - PUBLICATION, DISTRIBUTION, ETC.
Place of publication, distribution, etc. Brussels, Belgium
Name of publisher, distributor, etc. World Customs Organization,
Date of publication, distribution, etc. c2006.
300 ## - PHYSICAL DESCRIPTION
Extent 3 v. :
Other physical details ill. ;
Dimensions 30cm
500 ## - GENERAL NOTE
General note "Effective 1 June 2006."
500 ## - GENERAL NOTE
General note Rev. ed. of: WCO customs data model - version 1.1. handbook.
505 ## - FORMATTED CONTENTS NOTE
Formatted contents note v. 1. Introduction, data sets and modelling<br/>v. 2. Message implementation guidelines, goods declaration <br/>v. 3. Message implementation guidelines, cargo and conveyance report and codes.
610 20 - SUBJECT ADDED ENTRY--CORPORATE NAME
Corporate name or jurisdiction name as entry element World Customs Organization
General subdivision Data processing.
9 (RLIN) 8541
650 10 - SUBJECT ADDED ENTRY--TOPICAL TERM
Topical term or geographic name entry element Customs and trade enviroment
General subdivision Business process and information
-- Guidelines
9 (RLIN) 7208
710 2# - ADDED ENTRY--CORPORATE NAME
Corporate name or jurisdiction name as entry element World Customs Organization
9 (RLIN) 5917
942 ## - ADDED ENTRY ELEMENTS (KOHA)
Source of classification or shelving scheme
Koha item type Book
950 ## - LOCAL HOLDINGS (RLIN)
Permanent shelving location, LOC (RLIN) AKMAL
Holdings
Withdrawn status Lost status Source of classification or shelving scheme Damaged status Not for loan Collection code Home library Current library Shelving location Date acquired Inventory number Total Checkouts Full call number Barcode Date last seen Price effective from Koha item type
          NON-FICTION AKMAL Melaka AKMAL Melaka PINJAMAN 23.05.2017 000672 (Volume 1)   005.754 WCO 201704617 23.05.2017 23.05.2017 Book
          NON-FICTION AKMAL Melaka AKMAL Melaka PINJAMAN 23.05.2017 000673 (Volume 2)   005.754 WCO 201706460 29.05.2017 23.05.2017 Book
          NON-FICTION AKMAL Melaka AKMAL Melaka PINJAMAN 23.05.2017 000671 (Volume 3)   005.754 WCO 201706459 29.05.2017 23.05.2017 Book
Pusat Sumber Maklumat Dato' Haji Sarmin Md Hussin, Akademi Kastam Diraja Malaysia, Melaka
Tel: 06-2331106 | Faks: 06-2313787